Le naos de Sopdou à Saft el-Henneh (CG 70021) : paléographie /
المؤلف الرئيسي:
التنسيق: كتاب
اللغة: French
منشور في:
Le Caire :
Institut français d'archéologie orientale,
2014.
سلاسل:
Paléographie hiéroglyphique ;
6.
PaleHier ;
6.
الموضوعات:
الوسوم: إضافة وسم
رقم الطلب: ( F )PJ1526 .I8 v.6
| LEADER | 01855nam a2200277Ia 4500 | ||
|---|---|---|---|
| 003 | OSt | ||
| 005 | 20241028112040.0 | ||
| 008 | 230909s2014 ua a b 000 0 fre d | ||
| 952 | |0 0 |1 0 |2 lcc |3 V.6 |4 0 |7 1 |9 49819 |a ARCE |b ARCE |d 2023-09-09 |l 0 |o ( F )PJ1526 .I8 v.6 |p 1021037 |r 2023-09-09 00:00:00 |w 2023-09-09 |y BK | ||
| 999 | |c 54442 |d 54442 | ||
| 020 | |a 9782724706475 | ||
| 040 | |c ARCE Library | ||
| 050 | 4 | |a ( F )PJ1526 .I8 v.6 | |
| 100 | 1 | |a Engsheden, Åke. | |
| 245 | 1 | 3 | |a Le naos de Sopdou à Saft el-Henneh (CG 70021) : |b paléographie / |c Åke Engsheden. |
| 264 | 1 | |a Le Caire : |b Institut français d'archéologie orientale, |c 2014. | |
| 300 | |a xxxi, 237 p. : |b ill. ; |c 28 cm. | ||
| 490 | 0 | |a Paléographie hiéroglyphique ; |v 6. | |
| 490 | 0 | |a PaleHier ; |v 6. | |
| 500 | |a "The present work examines the form and function of hieroglyphic signs on the naos of Sopdu from Saft el-Henneh, now in the Egyptian Museum in Cairo. This monument, dating to the 30th Dynasty and inscribed on all four sides, is of considerable epigraphic interest, as there are few similarly long inscriptions from that period. The plates show almost 1,500 signs that have been drawn especially to accompany this publication. These are grouped into 443 categories which are described in the usual format of the collection Paléographie hiéroglyphique: identification of the sign, palaeographical description with particular reference to parallels on contemporary monuments, and function. This volume on the naos of Sopdu is likewise of interest for anyone involved in the study of Egyptian art and religion in the Late Period." -- back cover. | ||
| 504 | |a Includes bibliographical references (p. xxvii-xxxi). | ||
| 650 | 0 | |a Egyptian language -- Writing, Hieroglyphic. | |
| 650 | 0 | |a Inscriptions, Egyptian. | |
| 651 | 0 | |a Per-Sopdu (Extinct city) | |
| 901 | |a reviewed | ||
| 942 | |2 lcc |c BK | ||
